| 000 | 00183nam a22000737a 4500 | ||
|---|---|---|---|
| 999 |
_c24194 _d24194 |
||
| 003 | Nust | ||
| 005 | 20170526165031.0 | ||
| 008 | 140509b xxu||||| |||| 00| 0 eng d | ||
| 020 | _cAvailable | ||
| 040 |
_aDLC _bDLC _cRCMS |
||
| 082 | _a301.420973 ADA | ||
| 100 |
_aAdams, Bert N. _91478 |
||
| 245 |
_aThe American Family _cBert N, Adams _b:a sociological interpretation |
||
| 260 |
_aIslamabad: _bNational Book Foundation, _cc1971. |
||
| 300 |
_axv, 382 p. _bill. _c24 cm. |
||
| 500 | _aIncludes Index | ||
| 538 | _iShelf # 13, Row # 3, Fiction. | ||
| 650 |
_aFamily --United States. _91479 |
||
| 856 | _3Table of Content Only | ||
| 942 |
_2ddc _cFIC |
||